His needs, her needs. (Record no. 14635)

000 -LEADER
fixed length control field 00786nam a2200229 a 4500
001 - CONTROL NUMBER
control field :::00012467$&:&@@
003 - CONTROL NUMBER IDENTIFIER
control field OkBaRHE
005 - DATE AND TIME OF LATEST TRANSACTION
control field 20001113085917.0
008 - FIXED-LENGTH DATA ELEMENTS--GENERAL INFORMATION
fixed length control field s1986 j 000 0 eng u
020 ## - INTERNATIONAL STANDARD BOOK NUMBER
International Standard Book Number 0800714784
040 ## - CATALOGING SOURCE
Transcribing agency
100 1# - MAIN ENTRY--PERSONAL NAME
Personal name Harley, Willard F.
245 10 - TITLE STATEMENT
Title His needs, her needs.
260 ## - PUBLICATION, DISTRIBUTION, ETC. (IMPRINT)
Place of publication, distribution, etc Old Tappan, NJ., :
Name of publisher, distributor, etc Fleming H. Revell Co.
Date of publication, distribution, etc c1986
300 ## - PHYSICAL DESCRIPTION
Extent 224 p. : illus. ;
Dimensions 24 cm.
650 ## - SUBJECT ADDED ENTRY--TOPICAL TERM
Topical term or geographic name as entry element Communication in Marriage
650 ## - SUBJECT ADDED ENTRY--TOPICAL TERM
Topical term or geographic name as entry element Marriage
General subdivision United States
650 ## - SUBJECT ADDED ENTRY--TOPICAL TERM
Topical term or geographic name as entry element Married People
General subdivision United States
-- Psychology
942 ## - ADDED ENTRY ELEMENTS (KOHA)
Source of classification or shelving scheme
Koha item type Books
Copies
Total Renewals Current Location Withdrawn status Damaged status Price effective from Full call number Date last seen Source of classification or shelving scheme Total Checkouts Shelving location Permanent Location Barcode Date acquired Copy number Lost status Koha item type Date checked out Not for loan
    2010-04-14HQ 734 .H2852010-04-14  General StacksRHEMA Bible Training College124672010-04-141 Books  
1RHEMA Bible Training College  2010-04-14HQ 734 .H2852011-11-15 1General StacksRHEMA Bible Training College185722010-04-142 Books2011-10-27